| 000 | 00737cab a2200205 4500 | ||
|---|---|---|---|
| 001 | L136720 | ||
| 008 | 070219n2007 000 0 eng u | ||
| 035 | _a(Sirsi) u136720 | ||
| 041 | 0 | _aeng | |
| 100 | 1 | _aCarpenter, Jamie | |
| 245 | 0 | 4 | _aThe road to green living |
| 260 | _c2007 | ||
| 490 | 0 |
_aRegeneration and Renewal _v16 February 2007, 20-22(3) |
|
| 520 | _aDiscusses the Code for Sustainable Homes. Shows how the Code has changed since December 2005 and explains some of the features of the green homes of the future. | ||
| 590 | _aKA | ||
| 650 | 2 | 4 | _aDCLG CODE FOR SUSTAINABLE HOMES |
| 651 | 4 |
_aEngland and Wales _y1543- |
|
| 690 | _aENVIRONMENTAL AND LAND CONSULTANCY-SUSTAINABILITY-SUSTAINABLE DEVELOPMENT | ||
| 942 | _n0 | ||
| 999 |
_c78414 _d78414 |
||